Normal view
MARC view
Entry Topical Term
001 - CONTROL NUMBER
- control field: 29138
003 - CONTROL NUMBER IDENTIFIER
- control field: ARRUPE
005 - DATE AND TIME OF LATEST TRANSACTION
- control field: 20170228115327.0
008 - FIXED-LENGTH DATA ELEMENTS
- fixed length control field: 170228|| aca||aabn | a|a d
040 ## - CATALOGING SOURCE
- Original cataloging agency: ARRUPE
- Transcribing agency: ARRUPE
150 ## - HEADING--TOPICAL TERM
- Topical term or geographic name as entry element:
- Topical term following geographic name as entry element: Psychology, Religious
670 ## - SOURCE DATA FOUND
- Source citation: Work cat.: (ARRUPE)24525: Bryant, Christopher Rex 29136, Jung and the Christian way